United Kingdom (Record no. 81377)

MARC details
000 -LEADER
fixed length control field 01056cad a22001935a 4500
001 - CONTROL NUMBER
control field E147076
008 - FIXED-LENGTH DATA ELEMENTS--GENERAL INFORMATION
fixed length control field 090330e20090320xxk f 000 0 eng d
035 ## - SYSTEM CONTROL NUMBER
System control number (Sirsi) u147076
041 0# - LANGUAGE CODE
Language code of text/sound track or separate title eng
100 1# - MAIN ENTRY--PERSONAL NAME
Personal name Gaitskell, Robert
Titles and words associated with a name Dr
245 00 - TITLE STATEMENT
Title United Kingdom
Remainder of title dispute strategies, a checklist for cost effective dispute resolution
Medium [electronic resource]
260 ## - PUBLICATION, DISTRIBUTION, ETC.
Date of publication, distribution, etc. 2009
520 ## - SUMMARY, ETC.
Summary, etc. Provides a five-point checklist of measures to help ensure that dispute resolution is as cost effective as possible. The measures considered are: avoiding a dispute in the first place; having a range of options specified in the contract's dispute clause; appointing a strategic decision-maker; appointing the right legal advisor; and choosing a tribunal.
590 ## - LOCAL NOTE (RLIN)
Local note KA
651 #4 - SUBJECT ADDED ENTRY--GEOGRAPHIC NAME
Geographic name United Kingdom
Chronological subdivision
690 ## - LOCAL SUBJECT ADDED ENTRY--TOPICAL TERM (OCLC, RLIN)
Topical term or geographic name as entry element MANAGEMENT-DISPUTE AVOIDANCE, MANAGEMENT AND RESOLUTION-DISPUTE MANAGEMENT AND RESOLUTION
856 40 - ELECTRONIC LOCATION AND ACCESS
Uniform Resource Identifier <a href="https://www.mondaq.com/article.asp?articleid=76574">https://www.mondaq.com/article.asp?articleid=76574</a>
Public note View the article free of charge (requires registration) at www.mondaq.com...
942 ## - ADDED ENTRY ELEMENTS (KOHA)
Suppress in OPAC 0
Holdings
Withdrawn status Lost status Source of classification or shelving scheme Damaged status Not for loan Home library Current library Shelving location Date acquired Total Checkouts Full call number Barcode Date last seen Copy number Price effective from Koha item type
    Dewey Decimal Classification     Virtual Virtual Online 30/03/2009   ONLINE PUBLICATION 147076-2001 06/08/2019 1 06/08/2019 Journal article